European phrase book. / (Record no. 112303)
[ view plain ]
| 000 -LEADER | |
|---|---|
| fixed length control field | 00303nam a2200109 a 4500 |
| 005 - DATE AND TIME OF LATEST TRANSACTION | |
| control field | 20140414131933.0 |
| 008 - FIXED-LENGTH DATA ELEMENTS--GENERAL INFORMATION | |
| fixed length control field | 110108s19uu xx 00 eng d |
| 050 ## - LIBRARY OF CONGRESS CALL NUMBER | |
| Classification number | REF 413.21 |
| Item number | Eu7 2003 |
| 245 ## - TITLE STATEMENT | |
| Title | European phrase book. / |
| Statement of responsibility, etc | by the staff of Berlitz Guides. |
| 260 ## - PUBLICATION, DISTRIBUTION, ETC. (IMPRINT) | |
| Name of publisher, distributor, etc | Berlitz, |
| Date of publication, distribution, etc | 2003. |
| Withdrawn status | Lost status | Damaged status | Home library | Current library | Shelving location | Date acquired | Total Checkouts | Full call number | Barcode | Date last seen | Price effective from | Koha item type |
|---|---|---|---|---|---|---|---|---|---|---|---|---|
| Munich Library | Munich Library | Reference Section | 01/08/2011 | REF 413.21 Eu7 2003 | M3560 | 04/14/2014 | 04/14/2014 | Books |